000 01345aam a2200313 i 4500
999 _c45755
_d45755
001 768714001
003 CO-MdFUSB
005 20201021100644.0
007 ta
008 200512t1905 enk |||| |||| 00| 0 eng d
020 _a[No incluye ISBN]
040 _bspa.
_aCO-MdFUSB
_cCO-MdFUSB
_dCO-MdFUSBC
_erda
041 _aeng
082 _223
_a226.506
_bS213
100 1 _aSanday, William
_eautor
245 1 4 _aThe criticism of the fourth gospel :
_beight lectures on the Morse Foundation, delivered in the Union Seminary, New York in October and November, 1904
_c/ William Sanday
264 1 _aOxford, Inglaterra :
_bThe Clarendon Press,
_c[1905]
264 4 _c© 1905
300 _axvi, 268 páginas
_c; 23 cm
336 _atexto
_btxt
_2rdacontent
337 _2rdamedia
_asin mediación
_bn
338 _2rdacarrier
_avolumen
_bnc
505 _aEstudio de la literatura reciente - Métodos críticos y la solución más vieja del problema del cuarto evangelio - El punto de vista del autor - El pragmatismo del evangelio - El carácter de la narrativa - La doctrina del logos, y su influencia sobre el evangelio - La cristología del evangeliio - La historia inicial del evangelio
563 _aPasta dura
630 7 _aBiblia.
_pJuan
_xCrítica, interpretación, etc.
942 _cBK
945 _aJTF-925